01252 a2200205 45000010003000000050017000030080041000200030015000610400040000760800033001162450031001490200022001802500012002022640032002143000024002465050700002701000021009707000027009917000028010181120260407155401.0260407a1996 arg spa dAR-UNSa-BCEJYS aAR-UNSa-BCEJYSbspacAR-UNSa-BCEJYS a330.101.542xMicroeconomía10aMicroeconomía y conducta a978-84-7615-840-1 a1a. ed. 1aMadrid :bMcGraw-Hillc1996 axxvi, 796 p.c24 cm a1. Pensar como un economista - 2. La oferta y la demanda - 3. La elección racional del consumidor - 4. La demanda del consumidor - 5. La demanda del mercado - 6. La elección intertemporal y la elección en condiciones de incertidumbre - 7. ¿Más allá del egoismo? - 8. Limitaciones cognoscitivas y conducta del consumidor - 9. La producción - 10. Los costes - 11. La competencia perfecta - 12. El monopolio - 13. La competencia monopolística - 14. El oligopolio - 15. El trabajo - 16. La economía de la información - 17. El capital - 18. El equilibrio general y la eficiencia del mercado - 19. Las externalidades, los derechos de propiedad y el teorema de Coase - 20. El estado 1 aFrank, Robert H.1 aToharia Cortés, Luis1 aRabasco, María Esther